000 00354nam a2200157Ia 4500
008 220923s9999 xx 000 0 und d
020 _a9789351430346
082 _bRAS
100 _aRASTOGI, SACHIN
245 0 _aINSIGHTS IN TO E CONTRACTS ION INDIA
250 _a1ST
260 _c2013
300 _a183
650 _aContract Law
942 _cBK
999 _c195919
_d195919